000 006340000a22001930004500
090 _aAR
_b02596
100 1 _aNoonan, Gerald R.
_995968
245 1 0 _aGIS analysis of the biogeography of beetles of the subgenus Anisodactylus (<Insecta: Coleoptera: Carabidae: genus Anisodactylus>
650 1 4 _aEntomología
_94483
650 1 4 _aColeópteros
_97857
650 1 4 _aBiogeografía
_992747
650 1 4 _aBiodiversidad
_992204
651 4 _pAmérica del Norte
_992749
651 4 _pMediterraneo
_992749
653 _gAnisodactylus
041 0 _aInglés
942 _cARTICULO
773 1 _tJournal of Biogeography
_3248
_h26
_q1147-1160
_d1999
999 _c11660
_d11660